000 00433nam a22001817a 4500
003 MPLRDC
005 20220104124802.0
008 210129b ||||| |||| 00| 0 eng d
020 _a7-80536-137-1
082 _a684 LRS
100 _a娄如松
245 _a绍兴古迹笔谭
_c
250 _a一版一刷
260 _a
_b浙江摄影出版社
_c1992
300 _b
650 _a中国名胜古迹
942 _cBK
_o684 LRS
999 _c22137
_d22127